000 01333nam0a2200313 i 4500
001 RU\NLR\BIBL_A\010665321
005 20241103084433.0
010 _a9785209061816
_9500
021 _aRU
_b2014-92110
_95597
035 _a(NILC)RuMoRGB-007837373
035 _a(NLR Aleph) 010665321
090 _a9583643
_c9583643
100 _a20150204d2014 um y0rusy50 ca
101 0 _arus
102 _aRU
105 _aa|||z||||00yy
200 1 _aБолезни сердца в вопросах и ответах
_eучебное пособие
_f[М. Б. Буравлев и др.]
_gпод ред. В. С. Моисеева, Г. К. Киякбаева
210 _aМосква
_cРоссийский университет дружбы народов
_d2014
215 _a187 с.
_cил.
_d21
606 _aСердце
_jУчебные издания
_xБолезни
_9910110
_3RU\NLR\AUTH\6612524
686 1 _aР410.1я7
701 1 _aБуравлев
_bМ. Б.
_gМихаил Борисович
_4220
702 1 _4070
_7ca
_8rus
_aМоисеев
_bВ. С.
_f1937-2017
_gВалентин Сергеевич
_9179920
_3RU\NLR\AUTH\770179971
801 0 _aRU
_bРГБ
_c20141211
_gRCR
801 1 _aRU
_bРГБ
_c20141211
_2rusmarc
942 _cBOOK
980 _aNBR